banner-ar

فى النفس : بحوث فى التحليل النفسى , الطب النفسى الجسمى , الطب النفسى , الف لسفة / (Record no. 49397)

MARC details
000 -الفاتح
حقل البيانات ثابتة الطول 00624nam a2200193Ia 4500
008 - عناصر البيانات ثابتة الطول - معلومات عامة
حقل البيانات ثابتة الطول 140319s9999 xx 000 0 ara d
040 ## - مصدر الفهرسة
وكالة الفهرسة الأصلية GCL /
وكالة النسخ GCL
082 04 - رقم تصنيف ديوى العشرى
رقم التصنيف 150.195
رقم المادة م ف
100 1# - المدخل الرئيسى - إسم شخصى
الإسم الشخصى مصطفى زيور
245 10 - بيان العنوان
العنوان فى النفس : بحوث فى التحليل النفسى , الطب النفسى الجسمى , الطب النفسى , الف لسفة /
بيان المسئوليه,etc مصطفى زيور
300 ## - الوصف المادى
التعداد 603 ص
490 ## - بيان السلسلة
عنوان السلسلة
650 04 - المدخل الاضافى بالموضوع-مصطلح موضوعى
مصطلح موضوعي علم النفس
650 04 - المدخل الاضافى بالموضوع-مصطلح موضوعى
مصطلح موضوعي التحليل النفسى
650 04 - المدخل الاضافى بالموضوع-مصطلح موضوعى
مصطلح موضوعي الطب النفسى
650 04 - المدخل الاضافى بالموضوع-مصطلح موضوعى
مصطلح موضوعي الامراض النفسية
942 ## - عناصر المدخل الإضافي( كوها)
مصدر التصنيف او مخطط الترفيف Dewey Decimal Classification
Koha [default] item type كتاب
Holdings
حالة التراجع حالة الفقد حالة تلف ليس للاعارة المكان المؤقت الموقع الحالى تاريخ الاكتساب اجمالي اﻻعارات رقم الطلب الباركود تاريخ اخر مشاهدة تاريخ تفعيل السعر نوع وعاء كوها
        مكتبة القاهرة الكبرى مكتبة القاهرة الكبرى 03/26/2014   150.195\م ف 118726 03/26/2014 03/26/2014 كتاب
        مكتبة القاهرة الكبرى مكتبة القاهرة الكبرى 03/26/2014   150.195\م ف 118727 03/26/2014 03/26/2014 كتاب

Powered By

EGPV